Statistics for Countries with Two Ns

Click here to take the quiz!

General Stats

  • This quiz has been taken 44 times
  • The average score is 13 of 22

Answer Stats

HintAnswer% Correct
CountryUnited Kingdom
81%
CountryFinland
78%
CountryNew Zealand
78%
CountryArgentina
75%
CountryIndonesia
72%
CountryAfghanistan
69%
CountryTurkmenistan
69%
CountryDominican Republic
63%
CountryNetherlands
63%
CountrySolomon Islands
63%
CountryBenin
59%
CountryNorth Macedonia
56%
CountryPapua New Guinea
56%
CountryAntigua and Barbuda
53%
CountryLiechtenstein
53%
CountryMontenegro
53%
CountrySan Marino
53%
CountryLebanon
50%
CountryTrinidad and Tobago
50%
CountryTanzania
47%
CountryCentral African Republic
38%
CountrySão Tomé and Príncipe
31%

Score Distribution

Percentile by Number Answered

Percent of People with Each Score

Your Score History

You have not taken this quiz